Solar polarization 7 (Record no. 19029)

MARC details
000 -LEADER
fixed length control field 01003nam a2200253Ia 4500
003 - CONTROL NUMBER IDENTIFIER
control field IN-BaIIA
008 - FIXED-LENGTH DATA ELEMENTS--GENERAL INFORMATION
fixed length control field 211028s9999 xx 000 0 eng d
020 ## - INTERNATIONAL STANDARD BOOK NUMBER
International Standard Book Number 978-1-58381-862-6
040 ## - CATALOGING SOURCE
Transcribing agency IIA Library
080 ## - UNIVERSAL DECIMAL CLASSIFICATION NUMBER
Universal Decimal Classification number 082.2:52
Item number ASP-489
111 ## - MAIN ENTRY--MEETING NAME
Meeting name or jurisdiction name as entry element Workshop on Solar Polarization
Number of part/section/meeting 7th
Location of meeting Kunming, China
Date of meeting or treaty signing 2013
9 (RLIN) 36331
245 #0 - TITLE STATEMENT
Title Solar polarization 7
Remainder of title proceedings of workshop held in Expo garden hotel, Kunming, China, September 9-13, 2013
Statement of responsibility, etc. edited by K. N. Nagendra…[et al.]
260 ## - PUBLICATION, DISTRIBUTION, ETC.
Place of publication, distribution, etc. San Francisco
Name of publisher, distributor, etc. Astronomical Society of the Pacific
Date of publication, distribution, etc. 2014
300 ## - PHYSICAL DESCRIPTION
Extent [various pagings.]
490 ## - SERIES STATEMENT
Series statement Astronomical Society of the Pacific conference series; v. 489
650 ## - SUBJECT ADDED ENTRY--TOPICAL TERM
Topical term or geographic name entry element Polarization (Light) - congresses
9 (RLIN) 31111
650 ## - SUBJECT ADDED ENTRY--TOPICAL TERM
Topical term or geographic name entry element Solar magnetic fields - congresses
650 ## - SUBJECT ADDED ENTRY--TOPICAL TERM
Topical term or geographic name entry element Solar polarimetry - congresses
9 (RLIN) 31113
700 ## - ADDED ENTRY--PERSONAL NAME
Personal name Nagendra, K. N., ed.
9 (RLIN) 22574
700 ## - ADDED ENTRY--PERSONAL NAME
Personal name Qu, Z. Q., ed.
9 (RLIN) 36332
700 ## - ADDED ENTRY--PERSONAL NAME
Personal name Sampoorna, M., ed.
9 (RLIN) 36333
700 ## - ADDED ENTRY--PERSONAL NAME
Personal name Stenflo, J. O., ed.
9 (RLIN) 13277
942 ## - ADDED ENTRY ELEMENTS (KOHA)
Koha item type Books
Holdings
Withdrawn status Lost status Damaged status Not for loan Home library Current library Shelving location Date acquired Source of acquisition Cost, normal purchase price Total Checkouts Full call number Barcode Date last seen Cost, replacement price Price effective from Koha item type Purchase Price
        IIA Library-Bangalore IIA Library-Bangalore General Stacks 05/05/2015 SBA 5710.00   082.2:52/ ASP-489 19951 05/11/2021 5710.00 05/05/2015 Books Rs. 5710.00

Powered by Koha